00302 a2200109 4500001000700000040003500007100002200042240005800064245005300122300000800175362000900183154019 cEscola São Tomás de Aquino aHAGUETTE, André10aUm Paradigma para a Escola do Século XXI!?...lpor10aUm Paradigma para a Escola do Século XXI!?... a1090 a2002